00342nam a22001457a 450000500170000000800410001702000180005804100080007608200120008410000280009624500100012426000250013430000080015965000290016720260408150401.0160627b xxu||||| |||| 00| 0 eng d a0-586-21284-1 aeng a823.914 aBarbara Taylor Bradford aAngel bHarper Collinsc1994 a495 aEnglish language fiction